[Event "2 Bundesliga Mitte 2007/2008"]
[Site "StVeit"]
[Date "2008.01.25"]
[Round "5"]
[Board "2"]
[White "Neubauer, Martin"]
[Black "Vajda, Albert"]
[Result "1/2-1/2"]
[WhiteElo "2453"]
[BlackElo "2456"]
[PlyCount "67"]
[EventDate "2007.10.13"]
[EventType "team"]
[EventRounds "11"]
[EventCountry "AUT"]
[WhiteTeam "SV ASVOe Raika St Veit/Glan"]
[BlackTeam "ZH Technologies Wolfsberg"]

1.e4 e6 2.d4 d5 3.Nc3 dxe4 4.Nxe4 Bd7 5.Nf3 Bc6 6.Bd3 Be7 7.O-O Nf6 8.Ned2 Nbd7
9.b3 O-O 10.Bb2 Nd5 11.c4 Nf4 12.Be4 Bxe4 13.Nxe4 Nf6 14.Re1 Ng6 15.Qe2 c6
16.Rad1 Nxe4 17.Qxe4 Qa5 18.a3 Rfd8 19.h4 h5 20.b4 Qc7 21.d5 cxd5 22.cxd5 exd5
23.Rxd5 Rxd5 24.Qxd5 Nxh4 25.Nxh4 Bxh4 26.Qxh5 Qf4 27.Re2 Bf6 28.Bxf6 Qxf6
29.Qe5 Qxe5 30.Rxe5 Kf8 31.Rc5 Re8 32.Rc7 Re7 33.Rc8+ Re8 34.Rc7

[Event "2 Bundesliga Mitte 2007/2008"]
[Site "StVeit"]
[Date "2008.01.25"]
[Round "5"]
[Board "3"]
[White "Mikac, Matjaz"]
[Black "Jurkovic, Hryoje"]
[Result "1/2-1/2"]
[WhiteElo "2390"]
[BlackElo "2443"]
[PlyCount "25"]
[EventDate "2007.10.13"]
[EventType "team"]
[EventRounds "11"]
[EventCountry "AUT"]
[WhiteTeam "ZH Technologies Wolfsberg"]
[BlackTeam "SV ASVOe Raika St Veit/Glan"]

1.e4 c5 2.Nf3 Nc6 3.c3 Nf6 4.e5 Nd5 5.d4 cxd4 6.cxd4 d6 7.Bc4 Nb6 8.Bb5 Bd7
9.Nc3 e6 10.O-O dxe5 11.dxe5 Nb4 12.Bg5 Be7 13.Qb3

[Event "2 Bundesliga Mitte 2007/2008"]
[Site "StVeit"]
[Date "2008.01.25"]
[Round "5"]
[Board "4"]
[White "Hebesberger, Thomas"]
[Black "Wegerer, Fred"]
[Result "1-0"]
[WhiteElo "2349"]
[BlackElo "2266"]
[PlyCount "62"]
[EventDate "2007.10.13"]
[EventType "team"]
[EventRounds "11"]
[EventCountry "AUT"]
[WhiteTeam "SV ASVOe Raika St Veit/Glan"]
[BlackTeam "ZH Technologies Wolfsberg"]

1.c4 c5 2.Nf3 Nc6 3.e3 e5 4.Nc3 Nf6 5.d4 e4 6.Ng5 cxd4 7.exd4 Bb4 8.d5 h6 9.Nxf7
Kxf7 10.dxc6 dxc6 11.Qb3 Bc5 12.Be2 Qc7 13.Be3 b6 14.Bxc5 bxc5 15.O-O Re8 16.Na4
Re5 17.Qg3 Qe7 18.Rad1 Rg5 19.Qe3 Be6 20.h4 Rf5 21.g4 Rf3 22.Bxf3 exf3 23.Rfe1
Nxg4 24.Qxf3+ Kg8 25.Qxc6 Re8 26.f3 Nf6 27.Nxc5 Qf7 28.Rxe6 Qg6+ 29.Kh1 Rf8
30.Nd7 Qh5 31.Nxf6+ gxf6

[Event "2 Bundesliga Mitte 2007/2008"]
[Site "StVeit"]
[Date "2008.01.25"]
[Round "5"]
[Board "5"]
[White "Pesec, Franz"]
[Black "Hoelzl, Franz"]
[Result "0-1"]
[WhiteElo "2231"]
[BlackElo "2374"]
[PlyCount "100"]
[EventDate "2007.10.13"]
[EventType "team"]
[EventRounds "11"]
[EventCountry "AUT"]
[WhiteTeam "ZH Technologies Wolfsberg"]
[BlackTeam "SV ASVOe Raika St Veit/Glan"]

1.e4 c5 2.Nf3 d6 3.c3 Nf6 4.h3 Nbd7 5.Bd3 b6 6.O-O Bb7 7.Qe2 e6 8.Bc2 Be7 9.d4
O-O 10.Rd1 Qc7 11.Bf4 Rac8 12.dxc5 Nxc5 13.Nbd2 e5 14.Bh2 g6 15.Rac1 Qc6 16.Re1
Nh5 17.Qe3 Kg7 18.g4 Nf6 19.b4 Ncd7 20.Bb3 h5 21.g5 Nh7 22.Bd5 Qc7 23.Bxb7 Qxb7
24.Bg3 b5 25.Nb3 Nb6 26.Na5 Qd7 27.Kh2 Qe6 28.Rc2 Rc7 29.Rg1 Rfc8 30.Bh4 Qd7
31.Rd1 Qe8 32.Qd3 Nf8 33.Bg3 Kg8 34.a3 Ne6 35.Qe3 Nc4 36.Nxc4 Rxc4 37.h4 Qc6
38.Qxa7 Bf8 39.Nd2 Rxc3 40.Rxc3 Qxc3 41.Nf1 Qf3 42.Ne3 Nf4 43.Rg1 Qxe4 44.Qa6
Rb8 45.Qa7 Ra8 46.Qb6 Ne2 47.Rg2 Nd4 48.Qc7 Nf3+ 49.Kh3 Rxa3 50.Qc1 Rxe3

[Event "2 Bundesliga Mitte 2007/2008"]
[Site "StVeit"]
[Date "2008.01.25"]
[Round "5"]
[Board "6"]
[White "Mazi, Leon"]
[Black "Waldmann, Gerald"]
[Result "1-0"]
[WhiteElo "2348"]
[BlackElo "2157"]
[PlyCount "69"]
[EventDate "2007.10.13"]
[EventType "team"]
[EventRounds "11"]
[EventCountry "AUT"]
[WhiteTeam "SV ASVOe Raika St Veit/Glan"]
[BlackTeam "ZH Technologies Wolfsberg"]

1.e4 e6 2.d4 d5 3.Nc3 Bb4 4.e5 c5 5.a3 Bxc3+ 6.bxc3 Ne7 7.a4 b6 8.Nf3 Ba6 9.Bxa6
Nxa6 10.O-O h6 11.Qe2 Nb8 12.Ba3 Nd7 13.c4 dxc4 14.dxc5 bxc5 15.Nd2 O-O 16.Nxc4
Nd5 17.f4 Qc7 18.Nd6 N7b6 19.Qf3 Rad8 20.f5 Nc8 21.c4 Nb4 22.f6 Nxd6 23.fxg7
Rfe8 24.exd6 Rxd6 25.Bb2 e5 26.Qe4 Rg6 27.Rf5 Nc6 28.Raf1 Rxg7 29.Rf6 Re6
30.Rxe6 fxe6 31.Bc1 Ne7 32.Bxh6 Rg6 33.Rf8+ Kh7 34.Rf7+ Kg8 35.Qxg6+

[Event "2 Bundesliga Mitte 2007/2008"]
[Site "Frauental"]
[Date "2008.01.25"]
[Round "5"]
[Board "1"]
[White "Mohr, Georg"]
[Black "Diermair, Andreas"]
[Result "1-0"]
[WhiteElo "2480"]
[BlackElo "2363"]
[PlyCount "65"]
[EventDate "2007.10.13"]
[EventType "team"]
[EventRounds "11"]
[EventCountry "AUT"]
[WhiteTeam "Strassenbahn Graz"]
[BlackTeam "SV Frauental"]

1.e4 e5 2.Nf3 Nc6 3.Nc3 Nf6 4.g3 d5 5.exd5 Nxd5 6.d3 Nxc3 7.bxc3 Bc5 8.Bg2 O-O
9.O-O Re8 10.Re1 h6 11.Be3 Bb6 12.Nd2 Ba5 13.c4 Nd4 14.Rf1 c6 15.Nb3 Bc3 16.Rb1
Qe7 17.Bd2 Bxd2 18.Qxd2 Bg4 19.Nxd4 exd4 20.Qf4 Qd7 21.Rb4 g5 22.Qc1 b6 23.c5
bxc5 24.Rc4 Qd6 25.Qa3 Be2 26.Re1 Re5 27.f4 gxf4 28.gxf4 Re6 29.Qxc5 Qxf4
30.Qxd4 Qxd4+ 31.Rxd4 Rb8 32.Kf2 Bg4 33.Rxg4+

[Event "2 Bundesliga Mitte 2007/2008"]
[Site "Frauental"]
[Date "2008.01.25"]
[Round "5"]
[Board "2"]
[White "Cigan, Stefan"]
[Black "Butunoi, Alexandru"]
[Result "1-0"]
[WhiteElo "2367"]
[BlackElo "2403"]
[PlyCount "41"]
[EventDate "2007.10.13"]
[EventType "team"]
[EventRounds "11"]
[EventCountry "AUT"]
[WhiteTeam "SV Frauental"]
[BlackTeam "Strassenbahn Graz"]

1.e4 c5 2.Nf3 e6 3.d4 cxd4 4.Nxd4 a6 5.Bd3 Qc7 6.O-O Nf6 7.Kh1 Bc5 8.Nb3 Be7
9.c4 Nc6 10.f4 d6 11.Nc3 Na5 12.e5 dxe5 13.fxe5 Nd7 14.Qf3 Nxe5 15.Qg3 g5
16.Nxa5 Qxa5 17.Nd5 Nxd3 18.Nxe7 Kxe7 19.Bxg5+ Ke8 20.Bf6 Rf8 21.Qd6

[Event "2 Bundesliga Mitte 2007/2008"]
[Site "Frauental"]
[Date "2008.01.25"]
[Round "5"]
[Board "3"]
[White "Supancic, Darko"]
[Black "Schnider, Gert"]
[Result "1-0"]
[WhiteElo "2372"]
[BlackElo "2273"]
[PlyCount "65"]
[EventDate "2007.10.13"]
[EventType "team"]
[EventRounds "11"]
[EventCountry "AUT"]
[WhiteTeam "Strassenbahn Graz"]
[BlackTeam "SV Frauental"]

1.e4 e5 2.Nf3 Nc6 3.c3 d5 4.Qa4 dxe4 5.Nxe5 Qd5 6.Nxc6 bxc6 7.Bc4 Qd6 8.O-O Qg6
9.Bd5 Bd7 10.Bxe4 f5 11.Bf3 Bd6 12.d3 Ne7 13.Na3 O-O 14.Bf4 Be8 15.Bxd6 Qxd6
16.Rfe1 Ng6 17.Nc4 Qf6 18.Nd2 Qg5 19.Re3 Nh4 20.Kh1 f4 21.Re2 Bh5 22.Rg1 Rfd8
23.Qc4+ Kh8 24.Bxh5 Qxh5 25.Re4 Qh6 26.Re6 Qh5 27.Qe4 Qb5 28.Nc4 Qc5 29.Rf1 Qg5
30.Re5 Qh6 31.Re1 f3 32.g3 Ng6 33.Rf5

[Event "2 Bundesliga Mitte 2007/2008"]
[Site "Frauental"]
[Date "2008.01.25"]
[Round "5"]
[Board "4"]
[White "Raffalt, Manfred"]
[Black "Pesorda, Ivan"]
[Result "1/2-1/2"]
[WhiteElo "2153"]
[BlackElo "2270"]
[PlyCount "31"]
[EventDate "2007.10.13"]
[EventType "team"]
[EventRounds "11"]
[EventCountry "AUT"]
[WhiteTeam "SV Frauental"]
[BlackTeam "Strassenbahn Graz"]

1.d4 Nf6 2.c4 e6 3.Nc3 c5 4.d5 exd5 5.cxd5 d6 6.e4 g6 7.Nf3 Bg7 8.Be2 a6 9.a4
Bg4 10.h3 Bxf3 11.Bxf3 O-O 12.O-O Nbd7 13.Bf4 Qe7 14.Qc2 Rfc8 15.Rfe1 Ne8 16.Bg3

[Event "2 Bundesliga Mitte 2007/2008"]
[Site "Frauental"]
[Date "2008.01.25"]
[Round "5"]
[Board "5"]
[White "Krebs, Johann"]
[Black "Fauland, Peter"]
[Result "1/2-1/2"]
[WhiteElo "2241"]
[BlackElo "2222"]
[PlyCount "41"]
[EventDate "2007.10.13"]
[EventType "team"]
[EventRounds "11"]
[EventCountry "AUT"]
[WhiteTeam "Strassenbahn Graz"]
[BlackTeam "SV Frauental"]

1.d4 d5 2.c4 c6 3.Nf3 Nf6 4.Nc3 dxc4 5.a4 Bf5 6.e3 e6 7.Bxc4 Bb4 8.O-O O-O 9.Nh4
Bg6 10.Nxg6 hxg6 11.Qb3 Qe7 12.a5 Bd6 13.e4 e5 14.d5 Qc7 15.Be2 Nbd7 16.dxc6 Nc5
17.Qc2 bxc6 18.Bc4 Rab8 19.b3 Rfe8 20.Rd1 Ne6 21.Bxe6

[Event "2 Bundesliga Mitte 2007/2008"]
[Site "Frauental"]
[Date "2008.01.25"]
[Round "5"]
[Board "6"]
[White "Weber, Christoph"]
[Black "Kastner, Walter"]
[Result "1/2-1/2"]
[WhiteElo "2194"]
[BlackElo "2237"]
[PlyCount "33"]
[EventDate "2007.10.13"]
[EventType "team"]
[EventRounds "11"]
[EventCountry "AUT"]
[WhiteTeam "SV Frauental"]
[BlackTeam "Strassenbahn Graz"]

1.e4 e5 2.Nf3 Nc6 3.Bb5 a6 4.Ba4 Nf6 5.O-O Be7 6.Re1 b5 7.Bb3 d6 8.h3 O-O 9.c3
Bb7 10.d4 Re8 11.Bg5 h6 12.Bh4 Nd7 13.Bxe7 Nxe7 14.Nbd2 c5 15.Nf1 c4 16.Bc2 Qc7
17.Ng3

[Event "2 Bundesliga Mitte 2007/2008"]
[Site "Frauental"]
[Date "2008.01.25"]
[Round "5"]
[Board "1"]
[White "Pinter, Jozsef"]
[Black "Sakelsek, Tadej"]
[Result "1/2-1/2"]
[WhiteElo "2533"]
[BlackElo "2479"]
[PlyCount "59"]
[EventDate "2007.10.13"]
[EventType "team"]
[EventRounds "11"]
[EventCountry "AUT"]
[WhiteTeam "SK Sparkasse Fuerstenfeld"]
[BlackTeam "ESV Austria Graz"]

1.d4 Nf6 2.c4 e6 3.Nf3 b6 4.Nc3 Bb4 5.Bg5 Bb7 6.e3 h6 7.Bh4 g5 8.Bg3 Ne4 9.Qc2
Bxc3+ 10.bxc3 d6 11.Bd3 f5 12.d5 Nd7 13.Nd4 Ndc5 14.dxe6 Qf6 15.f3 f4 16.Bxe4
Bxe4 17.fxe4 fxg3 18.O-O-O O-O-O 19.Rhf1 Qe5 20.Nc6 Qxe6 21.Nxd8 Rxd8 22.hxg3
Re8 23.e5 Qxe5 24.Qf5+ Qxf5 25.Rxf5 Rxe3 26.Rf3 Re2 27.Rd2 Re4 28.Rd4 Re2 29.Rd2
Re4 30.Rd4

[Event "2 Bundesliga Mitte 2007/2008"]
[Site "Frauental"]
[Date "2008.01.25"]
[Round "5"]
[Board "2"]
[White "Langheinrich, Ferenc"]
[Black "Kuba, Guenter"]
[Result "1/2-1/2"]
[WhiteElo "2421"]
[BlackElo "2396"]
[PlyCount "64"]
[EventDate "2007.10.13"]
[EventType "team"]
[EventRounds "11"]
[EventCountry "AUT"]
[WhiteTeam "ESV Austria Graz"]
[BlackTeam "SK Sparkasse Fuerstenfeld"]

1.e4 e5 2.Nf3 Nc6 3.Bb5 a6 4.Ba4 Nf6 5.O-O Be7 6.Re1 b5 7.Bb3 d6 8.c3 O-O 9.h3
Na5 10.Bc2 c5 11.d4 Qc7 12.Nbd2 cxd4 13.cxd4 Rd8 14.d5 Bd7 15.Nf1 Rdc8 16.Bd3
Nb7 17.b4 a5 18.Bd2 axb4 19.Bxb4 Nc5 20.a3 Bd8 21.Qe2 Rab8 22.N3d2 Qa7 23.Ne3
Ba5 24.Reb1 g6 25.Bxa5 Qxa5 26.Nb3 Qc3 27.Nxc5 dxc5 28.Rc1 Qd4 29.Rd1 c4 30.Bxc4
Qxe4 31.Bd3 Qd4 32.Qb2 Qxb2

[Event "2 Bundesliga Mitte 2007/2008"]
[Site "Frauental"]
[Date "2008.01.25"]
[Round "5"]
[Board "3"]
[White "Wach, Markus"]
[Black "Kotz, Heinz Peter"]
[Result "1/2-1/2"]
[WhiteElo "2386"]
[BlackElo "2357"]
[PlyCount "79"]
[EventDate "2007.10.13"]
[EventType "team"]
[EventRounds "11"]
[EventCountry "AUT"]
[WhiteTeam "SK Sparkasse Fuerstenfeld"]
[BlackTeam "ESV Austria Graz"]

1.e4 e5 2.Nf3 Nc6 3.Bb5 a6 4.Ba4 Nf6 5.d4 exd4 6.O-O Be7 7.e5 Ne4 8.Nxd4 Nxd4
9.Qxd4 Nc5 10.Nc3 O-O 11.Bg5 Bxg5 12.Qxc5 Be7 13.Qe3 d5 14.Rad1 c6 15.Bb3 Kh8
16.Ne2 b5 17.f4 f6 18.c3 fxe5 19.fxe5 Bf5 20.Nd4 Bg5 21.Qf3 g6 22.Kh1 Rc8 23.e6
Qe7 24.Qg3 Bh6 25.Nxf5 gxf5 26.Rde1 Rce8 27.Bc2 f4 28.Qd3 Rf6 29.Re5 Qg7 30.Qh3
Re7 31.Rfe1 Qf8 32.Bf5 Bg5 33.Qg4 Qh6 34.Rf1 Rf8 35.Rfe1 Bf6 36.R5e2 Bh4 37.Rf1
Bg5 38.Rf3 Qf6 39.Bc2 Rg8 40.Rh3

[Event "2 Bundesliga Mitte 2007/2008"]
[Site "Frauental"]
[Date "2008.01.25"]
[Round "5"]
[Board "4"]
[White "Aschenbrenner, Robert"]
[Black "Kilgus, Georg"]
[Result "0-1"]
[WhiteElo "2304"]
[BlackElo "2354"]
[PlyCount "82"]
[EventDate "2007.10.13"]
[EventType "team"]
[EventRounds "11"]
[EventCountry "AUT"]
[WhiteTeam "ESV Austria Graz"]
[BlackTeam "SK Sparkasse Fuerstenfeld"]

1.d4 Nf6 2.c4 e6 3.Nf3 c5 4.d5 d6 5.Nc3 exd5 6.cxd5 g6 7.e4 a6 8.a4 Bg4 9.Be2
Bg7 10.O-O O-O 11.Nd2 Bxe2 12.Qxe2 Nbd7 13.Nc4 Nb6 14.Bf4 Nxc4 15.Qxc4 Re8
16.Rfe1 Ng4 17.Rab1 Bd4 18.Nd1 Qf6 19.Bg3 h5 20.Qe2 Rac8 21.h3 Ne5 22.Ne3 c4
23.Bxe5 Rxe5 24.Nxc4 Qxf2+ 25.Qxf2 Bxf2+ 26.Kxf2 Rxc4 27.Kf3 Rxa4 28.Rbc1 Rb4
29.Re2 Kg7 30.Rc7 Rb3+ 31.Kf2 Kf8 32.Rd7 Rb6 33.Rc2 Rxe4 34.Rcc7 Rf4+ 35.Ke3 Rf5
36.g4 Rb3+ 37.Kd2 hxg4 38.hxg4 Rf2+ 39.Kc1 Rbxb2 40.Rxd6 Ra2 41.Kb1 Rae2

[Event "2 Bundesliga Mitte 2007/2008"]
[Site "Frauental"]
[Date "2008.01.25"]
[Round "5"]
[Board "5"]
[White "Postl, Anton"]
[Black "Ebner, Hubert"]
[Result "1/2-1/2"]
[WhiteElo "2304"]
[BlackElo "2279"]
[PlyCount "45"]
[EventDate "2007.10.13"]
[EventType "team"]
[EventRounds "11"]
[EventCountry "AUT"]
[WhiteTeam "SK Sparkasse Fuerstenfeld"]
[BlackTeam "ESV Austria Graz"]

1.d4 Nf6 2.c4 g6 3.Nf3 Bg7 4.g3 O-O 5.Bg2 c6 6.O-O d6 7.Nc3 Qa5 8.h3 Be6 9.Nd2
Na6 10.d5 Bd7 11.Rb1 cxd5 12.cxd5 Rfc8 13.Nb3 Qd8 14.Nd4 Nc5 15.b4 Na6 16.Qb3
Qb6 17.Be3 Ng4 18.hxg4 Bxg4 19.b5 Bxe2 20.Na4 Qxb5 21.Qxb5 Bxb5 22.Rxb5 Nc5
23.Nxc5

[Event "2 Bundesliga Mitte 2007/2008"]
[Site "Frauental"]
[Date "2008.01.25"]
[Round "5"]
[Board "6"]
[White "Loebler, Heimo"]
[Black "Poetz, Florian"]
[Result "1-0"]
[WhiteElo "2201"]
[BlackElo "2174"]
[PlyCount "67"]
[EventDate "2007.10.13"]
[EventType "team"]
[EventRounds "11"]
[EventCountry "AUT"]
[WhiteTeam "ESV Austria Graz"]
[BlackTeam "SK Sparkasse Fuerstenfeld"]

1.d4 e6 2.c4 Nf6 3.Nc3 c5 4.d5 exd5 5.cxd5 d6 6.e4 g6 7.h3 Bg7 8.Nf3 O-O 9.Bd3
b5 10.O-O b4 11.Na4 Nbd7 12.a3 c4 13.Bxc4 bxa3 14.Bd3 axb2 15.Bxb2 Nh5 16.Bxg7
Kxg7 17.Re1 Qf6 18.Bf1 Rb8 19.Qd4 Rb7 20.Nc3 Nb8 21.Nb5 Rd8 22.Rxa7 Rxa7 23.Nxa7
Ba6 24.Nc6 Re8 25.e5 dxe5 26.Rxe5 Rxe5 27.Qxe5 Nxc6 28.dxc6 Bc8 29.c7 Kf8 30.Qd5
Qe6 31.Qd8+ Kg7 32.Nd4 Qe1 33.Qxc8 Ng3 34.fxg3

[Event "2 Bundesliga Mitte 2007/2008"]
[Site "Leoben"]
[Date "2008.01.26"]
[Round "6"]
[Board "1"]
[White "Kovacevic, Blazimir"]
[Black "Haba, Petr"]
[Result "1/2-1/2"]
[WhiteElo "2482"]
[BlackElo "2525"]
[PlyCount "43"]
[EventDate "2007.10.13"]
[EventType "team"]
[EventRounds "11"]
[EventCountry "AUT"]
[WhiteTeam "SpG Raika Alpine Trofaiach"]
[BlackTeam "SC Ansfelden 2"]

1.g3 d5 2.Bg2 Nf6 3.d3 c6 4.f4 Qb6 5.Nf3 g6 6.e3 Bg7 7.Qe2 O-O 8.Nc3 Bg4 9.h3
Bxf3 10.Bxf3 Nbd7 11.O-O e5 12.Qf2 exf4 13.gxf4 d4 14.Nd1 dxe3 15.Bxe3 Qa5
16.Nc3 Rfe8 17.Bd2 Qb6 18.Qxb6 Nxb6 19.Rae1 Nfd5 20.Nxd5 Nxd5 21.c3 f5 22.Bxd5+

[Event "2 Bundesliga Mitte 2007/2008"]
[Site "Leoben"]
[Date "2008.01.26"]
[Round "6"]
[Board "2"]
[White "Farago, Ivan"]
[Black "Bukal, Vladimir Jun"]
[Result "1-0"]
[WhiteElo "2504"]
[BlackElo "2441"]
[PlyCount "103"]
[EventDate "2007.10.13"]
[EventType "team"]
[EventRounds "11"]
[EventCountry "AUT"]
[WhiteTeam "SC Ansfelden 2"]
[BlackTeam "SpG Raika Alpine Trofaiach"]

1.d4 d5 2.c4 e5 3.dxe5 d4 4.Nf3 Nc6 5.a3 Bg4 6.b4 Qd7 7.Nbd2 Nge7 8.h3 Be6 9.b5
Na5 10.Qa4 b6 11.Bb2 c5 12.bxc6 Nexc6 13.Nxd4 Bc5 14.e3 O-O 15.Nxc6 Nxc6 16.Be2
Rac8 17.Qc2 b5 18.Ne4 Na5 19.Rd1 Qe7 20.Nd6 Qg5 21.Qe4 Bxd6 22.exd6 Nxc4 23.h4
Qg6 24.Qxg6 hxg6 25.d7 Rcd8 26.Bxc4 bxc4 27.h5 gxh5 28.Rxh5 Rxd7 29.Rxd7 Bxd7
30.Ra5 Rb8 31.Bd4 Rb7 32.Rxa7 Rxa7 33.Bxa7 Bc6 34.f3 f5 35.Kd2 Kf7 36.Kc3 Bd5
37.a4 Ke6 38.a5 Kd6 39.Bd4 g6 40.a6 Kc6 41.Kb4 g5 42.a7 Kd6 43.Kb5 g4 44.fxg4
fxg4 45.g3 Bc6+ 46.Kxc4 Bd5+ 47.Kd3 Bc6 48.e4 Bb5+ 49.Ke3 Bc6 50.Kf4 Ke6 51.e5
Bf3 52.Kg5

[Event "2 Bundesliga Mitte 2007/2008"]
[Site "Leoben"]
[Date "2008.01.26"]
[Round "6"]
[Board "3"]
[White "Zaja, Ivan"]
[Black "Hellmayr, Alois"]
[Result "1/2-1/2"]
[WhiteElo "2467"]
[BlackElo "2320"]
[PlyCount "45"]
[EventDate "2007.10.13"]
[EventType "team"]
[EventRounds "11"]
[EventCountry "AUT"]
[WhiteTeam "SpG Raika Alpine Trofaiach"]
[BlackTeam "SC Ansfelden 2"]

1.d4 Nf6 2.c4 e6 3.Nc3 Bb4 4.e3 O-O 5.Bd3 d5 6.Nf3 c5 7.O-O Nc6 8.a3 Bxc3 9.bxc3
Re8 10.h3 Na5 11.cxd5 exd5 12.Nd2 Bd7 13.a4 Rc8 14.Qe2 Ne4 15.Bxe4 dxe4 16.Ba3
b6 17.f3 cxd4 18.cxd4 exf3 19.Qxf3 f6 20.Bb4 Bc6 21.Qg3 Qd5 22.Ra3 Nc4 23.Nxc4

[Event "2 Bundesliga Mitte 2007/2008"]
[Site "Leoben"]
[Date "2008.01.26"]
[Round "6"]
[Board "4"]
[White "Rumpl, Erwin"]
[Black "Izsak, Gyula"]
[Result "1/2-1/2"]
[WhiteElo "2333"]
[BlackElo "2427"]
[PlyCount "45"]
[EventDate "2007.10.13"]
[EventType "team"]
[EventRounds "11"]
[EventCountry "AUT"]
[WhiteTeam "SC Ansfelden 2"]
[BlackTeam "SpG Raika Alpine Trofaiach"]

1.Nf3 Nf6 2.g3 b6 3.Bg2 Bb7 4.O-O e6 5.c4 Be7 6.b3 O-O 7.Bb2 c5 8.e3 d5 9.Nc3
Nbd7 10.cxd5 Nxd5 11.Nxd5 Bxd5 12.d4 Rc8 13.Qe2 Be4 14.Rac1 Re8 15.Rfd1 cxd4
16.Nxd4 Bxg2 17.Kxg2 Rxc1 18.Rxc1 Bc5 19.Nf3 Bf8 20.Qd3 Nc5 21.Qxd8 Rxd8 22.Kf1
f6 23.Bd4

[Event "2 Bundesliga Mitte 2007/2008"]
[Site "Leoben"]
[Date "2008.01.26"]
[Round "6"]
[Board "5"]
[White "Mitter, Gerd"]
[Black "Mittermayr, Gerhard"]
[Result "0-1"]
[WhiteElo "2185"]
[BlackElo "2129"]
[PlyCount "82"]
[EventDate "2007.10.13"]
[EventType "team"]
[EventRounds "11"]
[EventCountry "AUT"]
[WhiteTeam "SpG Raika Alpine Trofaiach"]
[BlackTeam "SC Ansfelden 2"]

1.Nf3 Nf6 2.c4 g6 3.g3 Bg7 4.Bg2 O-O 5.O-O d6 6.Nc3 e5 7.d4 Nc6 8.dxe5 dxe5
9.Qxd8 Rxd8 10.Bg5 Be6 11.Rac1 h6 12.Bxf6 Bxf6 13.b3 Rd7 14.Rfd1 Rad8 15.Kf1 Kg7
16.Ne1 Rxd1 17.Rxd1 Rxd1 18.Nxd1 Nb4 19.Bxb7 Nxa2 20.Nd3 Be7 21.Ne3 f6 22.Ke1
Nb4 23.Kd2 Nxd3 24.Kxd3 Bc5 25.f3 h5 26.Bd5 Bh3 27.Bc6 f5 28.Nd5 Bg1 29.Nxc7
Bxh2 30.Nb5 Bxg3 31.Bb7 f4 32.c5 h4 33.Nd6 Bd7 34.Bc8 Bxc8 35.Nxc8 h3 36.c6 h2
37.c7 h1=Q 38.Nd6 Qd1+ 39.Kc4 Qd4+ 40.Kb5 Qb6+ 41.Ka4 Qc6+

[Event "2 Bundesliga Mitte 2007/2008"]
[Site "Leoben"]
[Date "2008.01.26"]
[Round "6"]
[Board "6"]
[White "Simic, Milan"]
[Black "Spirk, Stefan"]
[Result "1-0"]
[WhiteElo "2140"]
[BlackElo "2130"]
[PlyCount "85"]
[EventDate "2007.10.13"]
[EventType "team"]
[EventRounds "11"]
[EventCountry "AUT"]
[WhiteTeam "SC Ansfelden 2"]
[BlackTeam "SpG Raika Alpine Trofaiach"]

1.d4 Nf6 2.c4 c5 3.d5 e6 4.Nc3 exd5 5.cxd5 d6 6.Nf3 a6 7.a4 g6 8.e4 Bg7 9.Be2
O-O 10.Nd2 Nbd7 11.Nc4 Ne5 12.Nxe5 dxe5 13.Be3 Qd6 14.a5 Bd7 15.O-O Rfc8 16.Qb3
Ne8 17.Nb1 Rab8 18.Na3 b5 19.axb6 Rxb6 20.Qc2 Bb5 21.Nxb5 axb5 22.b4 c4 23.Bxb6
Qxb6 24.Ra5 Nd6 25.Bg4 Rf8 26.Bd7 f5 27.exf5 gxf5 28.Qa2 e4 29.Be6+ Kh8 30.Ra8
Rb8 31.Qa5 Qb7 32.Ra7 Qb6 33.Qxb6 Rxb6 34.Ra8+ Bf8 35.Rxf8+ Kg7 36.Ra8 Kf6 37.g4
f4 38.Rfa1 Ke5 39.h4 Kd4 40.R8a6 Rxa6 41.Rxa6 c3 42.Rxd6 Kd3 43.Bf5

[Event "2 Bundesliga Mitte 2007/2008"]
[Site "Leoben"]
[Date "2008.01.26"]
[Round "6"]
[Board "1"]
[White "Mihalcisin, Adrian"]
[Black "Sommerbauer, Norbert"]
[Result "1/2-1/2"]
[WhiteElo "2525"]
[BlackElo "2474"]
[PlyCount "29"]
[EventDate "2007.10.13"]
[EventType "team"]
[EventRounds "11"]
[EventCountry "AUT"]
[WhiteTeam "SK Leoben"]
[BlackTeam "SpG VOecklabruck"]

1.Nf3 g6 2.d4 Bg7 3.c4 c5 4.e4 d6 5.d5 e6 6.Nc3 Ne7 7.h4 h6 8.Bf4 e5 9.Bd2 f5
10.h5 g5 11.g4 fxg4 12.Nh2 O-O 13.Nxg4 Nd7 14.Bh3 Nf6 15.Be3

[Event "2 Bundesliga Mitte 2007/2008"]
[Site "Leoben"]
[Date "2008.01.26"]
[Round "6"]
[Board "2"]
[White "Konopka, Michal"]
[Black "Horvath, Peter"]
[Result "1/2-1/2"]
[WhiteElo "2433"]
[BlackElo "2469"]
[PlyCount "89"]
[EventDate "2007.10.13"]
[EventType "team"]
[EventRounds "11"]
[EventCountry "AUT"]
[WhiteTeam "SpG VOecklabruck"]
[BlackTeam "SK Leoben"]

1.Nf3 d5 2.d4 Nf6 3.c4 e6 4.g3 dxc4 5.Qa4+ Nbd7 6.Bg2 a6 7.Nc3 Rb8 8.Qxc4 b5
9.Qd3 Bb7 10.Bf4 Rc8 11.O-O c5 12.dxc5 Bxc5 13.Rad1 O-O 14.Ne5 Bxg2 15.Kxg2 Nxe5
16.Bxe5 Be7 17.Qf3 Qb6 18.Rd2 b4 19.Bxf6 Bxf6 20.Ne4 Be7 21.Rfd1 Rcd8 22.Qb3
Rxd2 23.Rxd2 Rd8 24.Qc4 Rxd2 25.Nxd2 Qb7+ 26.f3 h6 27.Qd3 Qc6 28.Nc4 Qa4 29.Qb3
Qxb3 30.axb3 Kf8 31.Kf2 Bc5+ 32.e3 Ke7 33.Ke2 f6 34.Kd3 Kd7 35.Nd2 Kc6 36.g4 f5
37.Nc4 Be7 38.e4 fxg4 39.fxg4 Kc5 40.h3 Bg5 41.Ne5 Bf4 42.Nf3 Bc1 43.Kc2 Be3
44.Kd3 Bc1 45.Kc2

[Event "2 Bundesliga Mitte 2007/2008"]
[Site "Leoben"]
[Date "2008.01.26"]
[Round "6"]
[Board "3"]
[White "Bokros, Albert"]
[Black "Hirneise, Tobias"]
[Result "1/2-1/2"]
[WhiteElo "2445"]
[BlackElo "2287"]
[PlyCount "71"]
[EventDate "2007.10.13"]
[EventType "team"]
[EventRounds "11"]
[EventCountry "AUT"]
[WhiteTeam "SK Leoben"]
[BlackTeam "SpG VOecklabruck"]

1.e4 c5 2.Nf3 Nc6 3.d4 cxd4 4.Nxd4 Nf6 5.Nc3 d6 6.Bg5 e6 7.Qd2 a6 8.O-O-O h6
9.Be3 Be7 10.f3 Nxd4 11.Bxd4 e5 12.Be3 Be6 13.Kb1 Rc8 14.g4 Qa5 15.a3 Rxc3
16.Qxc3 Qxc3 17.bxc3 d5 18.exd5 Nxd5 19.Bd2 Nb6 20.Bd3 Bxa3 21.Rhe1 Bd6 22.Bf5
Bxf5 23.gxf5 Nc4 24.Bc1 Ke7 25.Rg1 Rc8 26.Rxg7 Rc5 27.Rg4 Rb5+ 28.Ka2 Ra5+
29.Kb3 b5 30.Rxc4 bxc4+ 31.Kxc4 Rc5+ 32.Kb3 Rb5+ 33.Kc4 Rc5+ 34.Kb3 Rb5+ 35.Ka4
h5 36.Bg5+

[Event "2 Bundesliga Mitte 2007/2008"]
[Site "Leoben"]
[Date "2008.01.26"]
[Round "6"]
[Board "4"]
[White "Ennsberger, Ulrich"]
[Black "Dietmayer Kraeutler, Marco"]
[Result "1-0"]
[WhiteElo "2284"]
[BlackElo "2325"]
[PlyCount "47"]
[EventDate "2007.10.13"]
[EventType "team"]
[EventRounds "11"]
[EventCountry "AUT"]
[WhiteTeam "SpG VOecklabruck"]
[BlackTeam "SK Leoben"]

1.e4 e5 2.Nf3 Nc6 3.Bb5 a6 4.Bxc6 dxc6 5.O-O f6 6.d4 Bg4 7.c3 exd4 8.cxd4 c5
9.dxc5 Qxd1 10.Rxd1 Bxc5 11.Bf4 c6 12.Nbd2 O-O-O 13.Nc4 Ne7 14.b4 Ng6 15.Bg3
Bxf3 16.Rxd8+ Kxd8 17.bxc5 Bxe4 18.Nd6 Bd5 19.Rb1 Nf8 20.Rxb7 Nd7 21.Ra7 Rg8
22.f3 Nxc5 23.a4 Nxa4 24.Be1